000 00408nam a2200157Ia 4500
008 230917s9999||||xx |||||||||||||| ||und||
040 _e116149
_aMAIN
041 _aEnglish
082 _a005.133 G713T
100 _aGottfried, Byron S
245 0 _aTheory and problems of programmong withe basic
250 _a3rd ed.
260 _anew Delhi
_bTata McGraw-Hill
_c1986
300 _a386p p.
942 _cBK
999 _c101995
_d101995